Deutsche Landkreise und kreisfreie Städte nach Buchstabe - W - Statistiken

Allgemein
  • Dieses Quiz wurde 186 mal gespielt
  • Das Durchschnittsergebnis liegt bei 16 aus 25
Antwortstatistiken
Bundesland Kreis % Korrekt
Hessen Wiesbaden
89%
Bayern Würzburg
89%
Bayern Würzburg
89%
Nordrhein-Westfalen Wuppertal
88%
Thüringen Weimar
84%
Rheinland-Pfalz Worms
80%
Niedersachsen Wolfsburg
79%
Hessen Werra-Meißner-Kreis
75%
Niedersachsen Wolfenbüttel
66%
Sachsen-Anhalt Wittenberg
65%
Niedersachsen Wilhelmshaven
63%
Nordrhein-Westfalen Warendorf
61%
Bayern Weilheim-Schongau
61%
Nordrhein-Westfalen Wesel
60%
Bayern Wunsiedel
58%
Hessen Waldeck-Frankenberg
55%
Thüringen Wartburgkreis
55%
Baden-Württemberg Waldshut
54%
Hessen Wetteraukreis
54%
Bayern Weißenburg-Gunzenhausen
53%
Niedersachsen Wesermarsch
53%
Niedersachsen Wittmund
50%
Rheinland-Pfalz Westerwaldkreis
47%
Thüringen Weimarer Land
44%
Bayern Weiden in der Oberpfalz
43%
Keine übereinstimmenden Quizze gefunden
Verteilung der Resultate
Anzahl Personen mit jedem Resultat
Perzentil nach korrekt beantworteten Fragen
Ihre Resultats-Entwicklung
Sie haben dieses Quiz noch nicht gespielt